| 000 | 01136nam a22002777a 4500 | ||
|---|---|---|---|
| 001 | 1110 | ||
| 005 | 20250901161741.0 | ||
| 020 | _a9789996305962 | ||
| 040 |
_aFISKH _beng _cFISKH _dFISKH |
||
| 082 | _a635.9 | ||
| 100 | _aVanthary, Oum | ||
| 245 | _aបន្លែដែលខ្ញុំចូលចិត្ត / | ||
| 246 | _aMy favorite vegetables | ||
| 250 | _a7th Printing January, 2023. | ||
| 260 |
_aPhnom Penh : _bSipar, _c2023. |
||
| 300 |
_a12 unnumbered pages : _bColor illustrations ; _c17 cm. |
||
| 505 | _aaa | ||
| 520 | _aសៀវភៅរូបភាពនេះណែនាំកុមារតូចបានស្គាល់ពីឈ្មោះបន្លែដែលពួកគេបានញ៉ាំជារៀងរាល់ថ្ងៃ។ | ||
| 520 | _aThis book introduces small kids to everyday vegetable names. | ||
| 521 |
_a10
_bLexile estimate |
||
| 521 |
_aaa
_bRaz-Plus |
||
| 650 |
_vបន្លែ _xពាក្យមូលដ្ឋាន _2រូបភាព |
||
| 650 |
_vBasic vocabulary _xVegetables _2Pictures |
||
| 700 | _aSarith, Huot | ||
| 942 |
_2ddc _cBK _n0 |
||
| 999 |
_c1110 _d1110 |
||